Từ địa phương Hương Sơn – Hà Tĩnh

Những vấn đề lí luận chung liên quan đến đề tài. Khảo sát từ địa phương huyện Hương Sơn - Hà Tĩnh. Dấu ấn văn hóa của người dân Hương Sơn - Hà Tĩnh qua cách dùng một số nhóm từ địa phương

Uloženo v:
Podrobná bibliografie
Hlavní autor: Lương Thị Giang
Další autoři: Tạ Thị Toàn (Hướng dẫn)
Médium: Kniha
Jazyk:Vietnamese
Vydáno: Đà Nẵng Đại học Sư phạm, Đại học Đà Nẵng 2012
Témata:
Tagy: Přidat tag
Žádné tagy, Buďte první, kdo otaguje tento záznam!
Thư viện lưu trữ: Mạng thư viện Đại học Đà Nẵng
LEADER 01731nam a2200349 4500
001 000017057
003 13468
005 20130228080254.0
008 130228s2012 viesd
041 0 |a vie 
082 |a 495.9227  |b LƯ-G 
100 1 |a Lương Thị Giang 
245 |a Từ địa phương Hương Sơn – Hà Tĩnh  |c Lương Thị Giang ; Tạ Thị Toàn hướng dẫn  |k Khóa luận tốt nghiệp 
260 |a Đà Nẵng  |b Đại học Sư phạm, Đại học Đà Nẵng  |c 2012 
300 |a 74 tr.  |c 29 cm.  |e Đĩa CD, bản tóm tắt 
500 |a Khóa luận tốt nghiệp đại học. Chuyên ngành: Sư phạm Ngữ văn 
504 |a Mục lục đầu trang, tài liệu tham khảo tr. 73 - 74, phụ lục [13 tr.] 
520 |a Những vấn đề lí luận chung liên quan đến đề tài. Khảo sát từ địa phương huyện Hương Sơn - Hà Tĩnh. Dấu ấn văn hóa của người dân Hương Sơn - Hà Tĩnh qua cách dùng một số nhóm từ địa phương 
600 1 4 |b Vua  |c Đinh Tiên Hoàng 
650 0 4 |a Ngôn ngữ địa phương  |v Khóa luận tốt nghiệp  |x Nghiên cứu  |z Việt Nam 
653 |a Khoa Ngữ văn  |a Từ ngữ 
700 |a Tạ Thị Toàn  |e Hướng dẫn 
OWN |a LSP 
AVA |a UDN50  |b LSP  |d 495.9227 LƯ-G  |e available  |t Error 5001 Not defined in file expand_doc_bib_avail.  |f 1  |g 0  |h N  |i 0  |k 1 
999 |a From the UDN01 
AVA |a UDN50  |b LSP  |d 495.9227 LƯ-G  |e available  |t Error 5001 Not defined in file expand_doc_bib_avail.  |f 1  |g 0  |h N  |i 0  |k 1 
TYP |a Monograph 
TYP |a Printed language 
980 |a Mạng thư viện Đại học Đà Nẵng